000
00334nam a22001457a 4500
008
230322b ||||| |||| 00| 0 eng d
020
_a
9781598220346
041
_a
eng
080
_2
2ND EDITION
_a
004
082
_a
004PED
100
_a
18
101
_a
SHKP
245
_a
GAME DESING FOUNDATIONS
_c
PEDERSEN .E.R
942
_2
udc
_c
BK
999
_c
59425
_d
59425